000 00993nam a2200277 i 4500
001 000008771
003 DO-SdBNP
005 20240311105954.0
007 ta
008 090918s1971 dr 001 0 spa d
040 _aDO-SdBNP
_bspa
_cBNPHU
_erda
049 _aBNPD
082 4 _a860.9
_bM737h, 1971
_222
100 1 _aMonción, Flavio,
_922969
_eautor
245 1 0 _aHistoria de la literatura española /
_cFlavio Monción.
250 _a2a. ed.
264 _aSanto Domingo :
_bLa Salle,
_c1971
300 _a221 páginas ;
_c23 cm.
336 _2rdacontent
_atexto
_btxt
337 _2rdamedia
_asin mediación
_bn
338 _2rdacarrier
_avolumen
_bnc
505 2 _aLiteratura medieval --
_tRenacimiento español --
_t Siglo de oro --
_tNeoclasicismo --
_tEl Romanticismo --
_tNovela en el siglo XlX --
_tEl modernismo --
_t-Generación 98 --
_tÉpoca contemporanea.
590 _aInventariado, 2024/BT
650 4 _aLiteratura española
_xHistoria y crítica
_93904
942 _2ddc
_cLBS1
999 _c8540
_d8540